00741nam a2200229Ia 450000500170000000800410001702000150005810000320007324500440010525000190014930000340016865000380020265000410024065000360028165000370031726400230035433600270037733700330040433800280043704000350046508400110050020220317001204.0160825s1996 sp a g 000 0 spa  a84897151491 aDaudet, Alphonsed1840-189710aCartas desde mi molinocAlphonse Daudet a1a. edición  a224 páginas c18 páginas 142LEMBaNovela francesa ySiglo XIX142LEMBaLiteratura francesaySiglo XIX142LEMBaFolclor en la literatura 142LEMBaCiudades en la literatura  aMadridbAlbac1996 atextobtxt2rdacontent asin mediaciónbn2rdamedia avolumenbnc2rdacarrier aCO-BoRNBPbspaerdacCO-BoRNBP aC DAU1